| 000 | 00677nam a2200205Ii 4500 | ||
|---|---|---|---|
| 003 | JO-AjNU | ||
| 008 | 230605s9999||||xx |||||||||||||| ||und|| | ||
| 040 |
_aJO-AjNU _bara _erda _cJO-AjNU |
||
| 041 | _aara | ||
| 050 | 1 | 4 | _aDS35.62.F3838 1989 |
| 100 | 3 |
_aتاليف الفاعوري، داود علي الفاضل, _eauthor _947785 |
|
| 245 | 0 | 0 | _aمحاضرات في حاضر العالم الاسلامي |
| 250 | _aط1 | ||
| 264 | 3 | 1 | _aعمان: دار الفكر، 1989 |
| 300 | _a380ص | ||
| 336 |
_atext _btxt _2rdacontent |
||
| 337 |
_aunmediated _bn _2rdamedia |
||
| 338 |
_avolume _bnc _2rdacarrier |
||
| 650 | 4 |
_aالعالم الاسلامي- تاريخ _947786 |
|
| 999 |
_aA20884 _c24452 _d24452 |
||